000 00496nam a2200193 4500
003 LK-CoMWRAF
005 20231014060905.0
008 231014b1993 |||||||| |||| 00| 0 eng d
020 _a9789556100334
040 _aLK-CoMWRAF
_dLK-CoMWRAF
_eLK-CoMWRAF
041 _aeng
082 _a823
_bWIJ
100 _aWijenaike, Punyakante
245 _aThe Waiting earth
260 _aNugegoda :
_bState Printing Corporation,
_c1993
300 _a324p, 22cm
650 _aEnglish Fiction
942 _cBK
999 _c3858
_d3858